Statistics for Name The Netflix Series

Click here to take the quiz!

General Stats

  • This quiz has been taken 101 times
  • The average score is 4 of 10

Answer Stats

CharacterSeries% Correct
Will ByersStranger Things
80%
Ginny MillerGinny and Georgia
72%
Anthony BridgertonBridgerton
65%
Sheldon CooperThe Big Bang Theory
53%
Tori VegaVictorious
53%
Jake PeraltaBrooklyn Nine-Nine
36%
Alexa MendozaAlexa & Katie
35%
Charlie SpringHeartstopper
33%
Janet KimKim's Convenience
7%
Grace HansonGrace & Frankie
2%

Score Distribution

Percentile by Number Answered

Percent of People with Each Score

Your Score History

You have not taken this quiz